[Event "Montigny le Bretonneux op 22nd"]
[Site "Montigny le Bretonneux"]
[Date "2023.12.29"]
[Round "5"]
[White "Couradin, Jean Marie"]
[Black "Bouloc, Roger"]
[Result "1-0"]
[WhiteElo "1410"]
[BlackElo "1335"]
[PlyCount "87"]
[EventDate "2023.12.27"]
[EventType "swiss"]
[EventRounds "7"]
[EventCountry "FRA"]
[SourceTitle "CB06_2024"]
[SourceDate "2024.02.07"]
[SourceVersion "1"]
[SourceVersionDate "2024.02.07"]
[SourceQuality "1"]

1. d4 d5 2. Nf3 Nc6 3. Bf4 Nf6 4. e3 e6 5. c3 Bd7 6. Bd3 Be7 7. h3 h6 8. Nbd2 a6 9. a4 0-0 10. Qc2 Bd6 11. Ne5 Qe7 12. Ndf3 b5 13. Nxd7 Qxd7 14. Ne5 Bxe5 15. dxe5 Ne8 16. axb5 Ne7 17. bxa6 c6 18. 0-0 f6 19. Ra5 Nc7 20. exf6 Rxf6 21. Be5 Rff8 22. Rfa1 Nb5 23. Qe2 Na7 24. Qg4 Nf5 25. e4 dxe4 26. Qxe4 g6 27. g4 Nh4 28. Bg3 Nf3+ 29. Kg2 Qf7 30. Qxg6+ Qxg6 31. Bxg6 Rf6 32. Be4 Nd2 33. Re1 Nxe4 34. Rxe4 Raf8 35. f4 Kh7 36. Rae5 Rd8 37. Rxe6 Rxe6 38. Rxe6 Rd2+ 39. Bf2 Rxb2 40. Re7+ Kg6 41. Rxa7 Ra2 42. Ra8 h5 43. a7 hxg4 44. hxg4 1-0

[Event "Montigny le Bretonneux op 21st"]
[Site "Montigny le Bretonneux"]
[Date "2017.05.25"]
[Round "2"]
[White "Bouloc, Roger"]
[Black "Carbonero, Jean Marc"]
[Result "1-0"]
[WhiteElo "1446"]
[BlackElo "1136"]
[PlyCount "93"]
[EventDate "2017.05.25"]
[EventType "swiss"]
[EventRounds "9"]
[EventCountry "FRA"]
[SourceTitle "EXT 2020"]
[Source "ChessBase"]
[SourceDate "2019.10.17"]
[SourceVersion "1"]
[SourceVersionDate "2019.10.17"]
[SourceQuality "1"]

1. e4 e5 2. Nf3 Nc6 3. Bc4 d6 4. d4 Bg4 5. c3 Qf6 6. Be3 Bxf3 7. Qxf3 Qxf3 8. gxf3 exd4 9. Bxd4 Nxd4 10. cxd4 0-0-0 11. Bxf7 Rd7 12. Bxg8 Rxg8 13. Nd2 g6 14. 0-0-0 Bg7 15. Nb3 Re8 16. Kb1 Rf7 17. Rd3 Rd7 18. Rg1 Rde7 19. h4 Bh6 20. d5 Bf4 21. Nd4 Rg8 22. Ne6 Bh2 23. Rg2 Be5 24. h5 c6 25. Rd1 Ree8 26. h6 c5 27. f4 Bf6 28. f3 c4 29. Rc1 b5 30. b3 c3 31. Re2 b4 32. e5 Be7 33. a3 a5 34. axb4 axb4 35. Ra2 Kd7 36. Ra7+ Kc8 37. Kc2 Kb8 38. Rca1 Rc8 39. Ra8+ Kb7 40. R1a7+ Kb6 41. Ra6+ Kb7 42. R8a7+ Kb8 43. Nd4 Rc7 44. Nc6+ Kc8 45. Ra8+ Kb7 46. R8a7+ Kc8 47. Nxe7+ 1-0

[Event "Montigny le Bretonneux 1hKO 20th"]
[Site "Montigny le Bretonneux"]
[Date "2016.05.08"]
[Round "7.14"]
[White "Bouloc, Roger"]
[Black "Sondermeijer, Damien"]
[Result "1-0"]
[WhiteElo "1386"]
[BlackElo "1009"]
[PlyCount "39"]
[EventDate "2016.05.05"]
[EventType "swiss"]
[EventRounds "7"]
[EventCountry "FRA"]
[SourceTitle "EXT 2024"]
[Source "ChessBase"]
[SourceDate "2023.10.10"]
[SourceVersion "1"]
[SourceVersionDate "2023.10.10"]
[SourceQuality "1"]

1. e4 d5 2. exd5 Nf6 3. Nf3 c6 4. Nc3 cxd5 5. d4 Nc6 6. Bb5 Bg4 7. 0-0 e6 8. Bg5 h6 9. Bh4 Bb4 10. Qd3 Qd6 11. a3 Ba5 12. Ne5 Bc7 13. f4 0-0 14. Bxf6 gxf6 15. Nxg4 Bd8 16. Nxh6+ Kg7 17. Rf3 Kh8 18. Rh3 Kg7 19. Qg3+ Kh8 20. Nf5# 1-0

[Event "Montigny le Bretonneux 1hKO 20th"]
[Site "Montigny le Bretonneux"]
[Date "2016.05.05"]
[Round "3.13"]
[White "Bouloc, Roger"]
[Black "Rivier, Sylvain"]
[Result "1-0"]
[WhiteElo "1386"]
[BlackElo "1534"]
[PlyCount "79"]
[EventDate "2016.05.05"]
[EventType "swiss"]
[EventRounds "7"]
[EventCountry "FRA"]
[SourceTitle "EXT 2024"]
[Source "ChessBase"]
[SourceDate "2023.10.10"]
[SourceVersion "1"]
[SourceVersionDate "2023.10.10"]
[SourceQuality "1"]

1. e4 e6 2. d4 d5 3. Nd2 c5 4. exd5 cxd4 5. Nb3 e5 6. c3 Qxd5 7. cxd4 Bb4+ 8. Bd2 Bxd2+ 9. Qxd2 Nf6 10. Nf3 exd4 11. Nbxd4 0-0 12. Bd3 Re8+ 13. Ne2 Nc6 14. 0-0 Bg4 15. Nfd4 Nxd4 16. Nxd4 Rad8 17. h3 Qxd4 18. Bxh7+ Kxh7 19. Qc2+ Qd3 20. Qxd3+ Rxd3 21. hxg4 Nxg4 22. f3 Nf6 23. Rf2 Nd5 24. Rc1 Nf4 25. Rc7 Re1+ 26. Kh2 Rdd1 27. Rxf7 Nd3 28. Rc2 Ne5 29. Rxb7 Rd7 30. Rxd7 Nxd7 31. Rc7 Ne5 32. Rxa7 Re2 33. f4 Nd3 34. f5 Kh6 35. b3 Nf4 36. Kg3 Nd5 37. Kf3 Rb2 38. Ra8 Nc3 39. Kf4 Rxg2 40. Rh8# 1-0

[Event "Montigny le Bretonneux 1hKO 20th"]
[Site "Montigny le Bretonneux"]
[Date "2016.05.05"]
[Round "2.19"]
[White "Hautecoeur, Ange"]
[Black "Bouloc, Roger"]
[Result "0-1"]
[WhiteElo "1009"]
[BlackElo "1386"]
[PlyCount "78"]
[EventDate "2016.05.05"]
[EventType "swiss"]
[EventRounds "7"]
[EventCountry "FRA"]
[SourceTitle "EXT 2024"]
[Source "ChessBase"]
[SourceDate "2023.10.10"]
[SourceVersion "1"]
[SourceVersionDate "2023.10.10"]
[SourceQuality "1"]

1. e4 c5 2. Nf3 d6 3. d3 e6 4. Nc3 Nf6 5. Bg5 Be7 6. Be2 Nc6 7. 0-0 0-0 8. Qd2 b6 9. Rad1 Bb7 10. Nb5 a6 11. Nc3 Re8 12. Rfe1 Qc7 13. a3 Rad8 14. h3 b5 15. Be3 e5 16. Bg5 Nd4 17. Bxf6 Bxf6 18. Nd5 Bxd5 19. exd5 Qb7 20. c3 Nf5 21. c4 bxc4 22. dxc4 e4 23. Nh2 e3 24. Qd3 exf2+ 25. Kxf2 Bh4+ 26. Kg1 Bxe1 27. Rxe1 Nd4 28. Qd2 Nxe2+ 29. Rxe2 Rxe2 30. Qxe2 Rb8 31. Nf3 Qxb2 32. Nd2 Qxa3 33. Nb1 Qa4 34. Nc3 Qa1+ 35. Kh2 Qxc3 36. Qe4 Qe5+ 37. Kh1 Qxe4 38. Kg1 Rb2 39. Kh2 Qxg2# 0-1

[Event "Montigny le Bretonneux-D 14th"]
[Site "Montigny le Bretonneux"]
[Date "2015.10.24"]
[Round "8.2"]
[White "Bouloc, Roger"]
[Black "Fruchard, Alois"]
[Result "1-0"]
[WhiteElo "1343"]
[BlackElo "1249"]
[PlyCount "61"]
[EventDate "2015.10.17"]
[EventType "tourn"]
[EventRounds "10"]
[EventCountry "FRA"]
[SourceTitle "EXT 2024"]
[Source "ChessBase"]
[SourceDate "2023.10.10"]
[SourceVersion "1"]
[SourceVersionDate "2023.10.10"]
[SourceQuality "1"]

1. e4 e6 2. d4 d5 3. Nd2 c5 4. exd5 exd5 5. Ngf3 Nc6 6. dxc5 Bxc5 7. Nb3 Bb6 8. Bd3 Nf6 9. 0-0 0-0 10. Bg5 h6 11. Bh4 Qd6 12. c3 Ne5 13. Bg3 Nxf3+ 14. Qxf3 Qc6 15. Nd4 Bxd4 16. cxd4 Re8 17. h3 Qb6 18. Be5 Be6 19. Bxf6 gxf6 20. Qxf6 Bxh3 21. Qxb6 axb6 22. gxh3 Kh8 23. Kh2 Rg8 24. Rfe1 Rg7 25. Re7 Rag8 26. Kh1 Rg2 27. Rxf7 R8g5 28. Rc1 Kg8 29. Rxb7 Kh8 30. Rc8+ Rg8 31. Rh7# 1-0